00666nam a22001817a 4500003000900000008004200009040007100051082001700122100002100139245005800160260004200218300002600260440003300286505010600319650002900425650001400454650001600468AR-CdUCM190610b ||||| |||| 00| 0 spa d  aMUNICIPALIDAD PROVINCIAL DEL CUSCOcBIBLIOTECA MUNICIPAL DEL CUSCO a370.1 /bL51 aLesser S, Milton aEnseñanza efectiva de las ciencias :bEducación / aMéxico :bHispano Americana,c1968. a101 páginasc18 cm. aManuales UtehanSección 17 aContenido : Concejos para asegurar el éxito en la enseñanza -- Ejemplos de planes de lecciones... aMétodos de enseñanza aLecciones aEstrategias